| 000 | 00425nam a2200169Ia 4500 | ||
|---|---|---|---|
| 008 | 140306s9999 xx 000 0 und d | ||
| 020 | _a8170148014 | ||
| 041 | _aeng | ||
| 082 |
_a338.04 _bGUP/EN |
||
| 100 | _aGupta, C.B. | ||
| 245 | _aEntreprenurship Development in India | ||
| 260 |
_aNew Delhi _bSultan Chand & Sons _c2005 |
||
| 300 | _a103 | ||
| 365 | _bRs. 130/- | ||
| 700 | _aSrinivasan, N.P. | ||
| 942 |
_2ddc _cBK |
||
| 999 |
_c187060 _d187060 |
||